00976nam a2200217 a 4500003000800000005001700008007000300025008004100028040001200069245013600081260004200217300006200259336002700321337002900348338003900377502008900416650007700505650004300582700005500625856007800680Mxchpua20250122125204.0ta250121s2024 mx d|||fs|||| 001 0 spa d amxchpua13a8° Foro de resultados Introducción a la Agroindustria 2023-2024 /ccoordinadores María Ofelia Buendía González...[y otros] aChapingo, México :bEl autor,c2024 a1 recurso en línea (35 páginas) :bgráficas, tablas 2rdacontentaTextobtxt 2rdamediaacomputadorabc 2rdacarrierarecurso en líneabcr aViaje de Estudiosb(IA) --cUACh. Departamento de Ingeniería Agroindustrial,d202413aIndustria de los alimentos xEducaciónxCongresos, conferencias, etc.13aFood industry xEducationxCongresses1 aBuendía González, María Ofeliaecoordinadora40uhttp://10.13.5.2/ve/TC943_IA/TC943_IA_2024-REPORTE.pdfyDESCARGAR REPORTE